000 02812nam a2200313 i 4500
003 CSPC
005 20230914091913.0
008 230914s2017 flua b 001 0 eng
020 _a9780367574390
040 _aCSPC
_beng
_cCSPC
_erda
050 0 0 _aRD651
082 0 0 _223
_a616.994059
_bSu776
245 0 0 _aSurgical oncology :
_btheory and multidisciplinary practice /
_cedited by Graeme Poston, Lynda Wyld, and Riccardo A. Audisio.
250 _aSecond edition.
264 1 _aBoca Raton, Florida :
_bCRC Press,
_c2017.
300 _axxii, 659 pages :
_bcolor illustrations ;
_c28 cm.
336 _2rdacontent
_atext
337 _2rdamedia
_aunmediated
338 _2rdacarrier
_avolume
504 _aIncludes bibliographical references and index.
505 0 _aCancer epidemiology -- Genetics and hereditary cancer syndromes, genetic polymorphisms and cancer -- Clinical trial design in surgical oncology -- A critical overview of screening for cancer -- Principles of radiation therapy for surgeons -- Intraoperative radiotherapy -- Principles of systemic therapy for surgeons -- Quality assurance in surgical oncology -- Palliative care in surgical oncology -- Communication and psychological needs of the cancer surgery patient -- Nutrition in cancer and cancer surgery -- Image-guided surgery -- The role of interventional radiology in the management of cancer patients -- Minimal access and robotic surgery -- Surgery for older cancer patients -- Cancer of unknown primary -- Oral cancer -- Salivary gland tumors -- Paranasal sinus cancers -- Skull base tumours -- Cancer of larynx and hypopharynx -- Breast cancer -- Lung and pleura -- Esophageal cancer -- Gastric cancer -- Gastrointestinal stromal tumor -- Small bowel and appendiceal tumors -- Cancer of the colon and rectum -- Anal cancer -- Peritoneal surface malignancy -- Pancreatic and ampullary cancer -- Hepatocellular carcinoma -- Carcinoma of the biliary tree and gallbladder -- Liver metastases -- Renal cell carcinoma -- Urothelial carcinoma of the bladder and upper tract -- Prostate cancer -- Testicular tumours -- Gynaecological oncology -- Skin cancer: Squamous cell carcinoma and basal cell carcinoma -- Skin: Melanoma -- Thyroid cancer -- Adrenal tumours -- Parathyroid cancer -- Neuroendocrine tumours of the gastrointestinal tract -- Bone sarcoma -- Extremity soft tissue sarcoma -- Retroperitoneal sarcoma -- Neurosurgical oncology: Neoplasms of the brain and meninges.
650 1 2 _aNeoplasms
_xsurgery
650 2 2 _aMedical Oncology
700 1 _aPoston, Graeme J.,
_eeditor.
700 1 _aWyld, Lynda,
_eeditor.
700 1 _aAudisio, Riccardo A.,
_eeditor.
942 _2ddc
_n0
_cBK
_h616.994059 Su776
_kGRD
_m2017
999 _c26104
_d26104